Il existe au moins 50... - Mort subite - Statistiques

Statistiques générales
  • Ce quiz a été pris 207 fois
    86 depuis la dernière actualisation
  • Le résultat moyen est 3 sur 21
Answers on the Grid
Answers color-coded by a green-red scale on the quiz's grid according to % correct below.
...pays en Afrique
...États des États-Unis
...Etats reconnaissant le Kosovo
...semaines dans une année
...milliardaires en France
...satellites naturels autour de Saturne
...pays comptant plus d'habitants que l'Australie
...montagnes de plus de 6000 mètres au-dessus du niveau de la mer
...cases dans un échiquier
...pays dont le drapeau contient la couleur noire
...villes de plus d'un million d'habitants en Chine
...pays ayant remporté au moins 50 médailles aux Jeux olympiques d'été
...pays faisant partie du Commonwealth of Nations
...livres présents dans la Bible
...athlètes ayant couru le 100 mètres en moins de 10 secondes
...millions de bactéries vivant dans le corps humain
...langues parlées par au moins 20 millions de personnes
...républiques parlementaires dans le monde
...joueurs de tennis ayant remporté un tournoi du Grand Chelem
...métaux dans le tableau périodique
...roubles russes dans un dollar
...capitales plus au sud que l'équateur
...muscles dans la main
...équipes ayant remporté la Ligue des champions de la UEFA
...diagonales dans l'hexagone
...pays plus grands que la France
...footballeurs ayant remporté deux Coupes du monde
...lettres dans l'alphabet cyrillique russe
...neutrons dans un atome de cuivre
...diviseurs du nombre 1000000
...mètres dans 50 yards
...présidents dans l'histoire des Etats-Unis
...pays bordant l'océan Indien
...papes dont le pontificat a duré moins d'un an
...unités astronomiques de distance entre le Soleil et Neptune
...pays limitrophes de la Russie ou de la Chine
...vétérans vivants de la Première Guerre mondiale
...pays enclavés
...pays qui n'ont pas de frontière avec d'autres pays
...équipes ayant participé au Super Bowl
...dents dans la bouche d'un être humain
...nerfs rachidiens dans le corps humain
 
Statistiques - réponses
Réponse % Correct
...États des États-Unis
37%
...semaines dans une année
37%
...millions de bactéries vivant dans le corps humain
33%
...cases dans un échiquier
30%
...pays en Afrique
21%
...milliardaires en France
19%
...pays dont le drapeau contient la couleur noire
18%
...villes de plus d'un million d'habitants en Chine
18%
...métaux dans le tableau périodique
15%
...joueurs de tennis ayant remporté un tournoi du Grand Chelem
12%
...langues parlées par au moins 20 millions de personnes
12%
...Etats reconnaissant le Kosovo
10%
...pays comptant plus d'habitants que l'Australie
10%
...républiques parlementaires dans le monde
10%
...livres présents dans la Bible
9%
...roubles russes dans un dollar
9%
...satellites naturels autour de Saturne
4%
...athlètes ayant couru le 100 mètres en moins de 10 secondes
3%
...montagnes de plus de 6000 mètres au-dessus du niveau de la mer
3%
...pays faisant partie du Commonwealth of Nations
3%
...pays ayant remporté au moins 50 médailles aux Jeux olympiques d'été
0%
Aucun quiz correspondant
Distribution des résultats
% des personnes avec chaque résultat
Percentile par nombre de réponses
Votre historique - résultats
Vous n’avez pas pris ce quiz depuis la dernière actualisation